[Event "FB1 2223 Rodewischer Schachmiezen - Sch"]
[Site "?"]
[Date "2023.02.18"]
[Round "5.2"]
[White "Lubbe, Melanie"]
[Black "Schleining, Zoya"]
[Result "1/2-1/2"]
[WhiteElo "2261"]
[BlackElo "2339"]
[PlyCount "155"]
[EventDate "2023.??.??"]

1. e4 c5 2. Nf3 Nc6 3. d4 cxd4 4. Nxd4 e6 5. Nc3 Qc7 6. Be3 Nf6 7. Be2 Be7 8. O-O O-O 9. f4 d5 10. e5 Nxd4 11. Qxd4 Nd7 12. Nb5 Qa5 13. Qd1 Nc5 14. c3 Ne4 15. Qc2 Bd7 16. Nd4 Rac8 17. Bd3 Qa4 18. Bxe4 dxe4 19. Qxe4 Bc5 20. Qf3 Bxd4 21. Bxd4 Bc6 22. Qf2 b6 23. b3 Qa3 24. Rfe1 Ba8 25. Re3 Rfd8 26. Rf1 Rc7 27. Rh3 Be4 28. Re3 Ba8 29. Rfe1 Qe7 30. Rh3 Rc6 31. Qc2 h6 32. Qf2 Rd5 33. Rg3 Kf8 34. f5 exf5 35. Qxf5 Kg8 36. Qf2 Re6 37. Rf1 Rd7 38. Rg4 Rc7 39. Rg3 Qf8 40. Rd1 Rcc6 41. Rd2 Rg6 42. Rxg6 Rxg6 43. Qh4 Kh7 44. Qf4 Qe8 45. Qf5 Qc6 46. Qc2 Bb7 47. Be3 Qe6 48. Bf4 Qg4 49. Bg3 Be4 50. Qd1 Qc8 51. Re2 Qc5+ 52. Qd4 Qxd4+ 53. cxd4 Bd5 54. Kf2 Rc6 55. Ke3 Rc1 56. Be1 Kg6 57. Kd2 Ra1 58. Kc3 Kf5 59. Kb2 Rd1 60. Bd2 Rg1 61. Rf2+ Ke6 62. g3 Rg2 63. Rxg2 Bxg2 64. Bb4 h5 65. Kc3 Kd5 66. Bf8 g6 67. Kd3 Be4+ 68. Ke3 Bb1 69. a3 Ba2 70. b4 a5 71. bxa5 bxa5 72. Bc5 a4 73. Kf4 Bb3 74. Kg5 Ke6 75. Bb6 Bc4 76. Kf4 Bb3 77. Ke4 Bc2+ 78. Ke3 1/2-1/2

[Event "FB1 2223 Rodewischer Schachmiezen - Sch"]
[Site "?"]
[Date "2023.02.18"]
[Round "5.3"]
[White "Belenkaya, Dina"]
[Black "Movsesian, Julia"]
[Result "1/2-1/2"]
[WhiteElo "2289"]
[BlackElo "2257"]
[PlyCount "137"]
[EventDate "2023.??.??"]

1. e4 e5 2. Nf3 Nc6 3. d4 exd4 4. Nxd4 Nf6 5. Nxc6 bxc6 6. e5 Qe7 7. Qe2 Nd5 8. h4 d6 9. c4 Nb6 10. Bf4 Be6 11. Nd2 O-O-O 12. exd6 cxd6 13. c5 dxc5 14. Qa6+ Qb7 15. Rc1 c4 16. Bxc4 Bxc4 17. Qxb7+ Kxb7 18. Nxc4 Bb4+ 19. Ke2 Rd4 20. Nxb6 Rxf4 21. Nc4 Re8+ 22. Ne3 Ba5 23. Rhd1 Bb6 24. Rd7+ Kc8 25. Rcd1 Rfe4 26. Rxf7 Bxe3 27. fxe3 Rxe3+ 28. Kf2 R8e7 29. Rxe7 Rxe7 30. Rd4 Kc7 31. Kf3 c5 32. Ra4 Kc6 33. h5 Kd5 34. b3 Rf7+ 35. Kg4 h6 36. g3 Ke5 37. Rc4 Kd5 38. Ra4 Ke5 39. Ra6 Kd5 40. Kh4 Re7 41. g4 Ke4 42. Ra5 Kd4 43. Kg3 Rc7 44. g5 hxg5 45. Kg4 Kc3 46. Kxg5 c4 47. bxc4 Kxc4 48. Kg6 Kb4 49. Rf5 Rc2 50. a3+ Kxa3 51. Ra5+ Kb4 52. Rxa7 Rg2+ 53. Kf5 Kc5 54. Ke6 Kb6 55. Rd7 Kc6 56. Rd6+ Kc7 57. Rd5 Kc6 58. Rd6+ Kc7 59. Rd4 Rg5 60. Rh4 Kc6 61. Rh1 Kc5 62. Rh4 Kc6 63. Rh2 Kc5 64. Ra2 Kd4 65. Rh2 Ke4 66. Kf7 Kf5 67. Rf2+ Kg4 68. Rg2+ Kxh5 69. Rxg5+ 1/2-1/2

[Event "FB1 2223 Rodewischer Schachmiezen - Sch"]
[Site "?"]
[Date "2023.02.18"]
[Round "5.4"]
[White "Sliwicka, Alicja"]
[Black "Rapport, Jovana"]
[Result "0-1"]
[WhiteElo "2289"]
[BlackElo "2313"]
[PlyCount "100"]
[EventDate "2023.??.??"]

1. e4 e6 2. d4 d5 3. e5 c5 4. c3 Qb6 5. Nf3 Bd7 6. Bd3 cxd4 7. O-O Nc6 8. Re1 Nge7 9. h4 a6 10. Nbd2 dxc3 11. bxc3 Ng6 12. Nb3 Qc7 13. Qe2 f6 14. Bxg6+ hxg6 15. Bf4 fxe5 16. Nxe5 Rxh4 17. Nxd7 Qxd7 18. Bg3 Rh6 19. c4 Kf7 20. Rad1 Kg8 21. Qg4 Qf7 22. Rxe6 dxc4 23. Qxc4 Re8 24. Re4 Qxc4 25. Rxc4 Rh5 26. Bf4 Re2 27. Nc1 Re6 28. Nd3 b5 29. Rcc1 Nd4 30. g4 Ne2+ 31. Kg2 Rd5 32. Kf3 Nxc1 33. Bxc1 g5 34. Be3 Red6 35. Ke2 Rd7 36. Rd2 Be7 37. Ne5 Rxd2+ 38. Bxd2 Rd5 39. Nc6 Bf6 40. Nb4 Rd6 41. Nd3 Rd4 42. Nc5 Be7 43. Nxa6 Bd6 44. a3 Ra4 45. Nb4 Rxa3 46. Nd5 Kf7 47. Bxg5 b4 48. Be3 b3 49. Kd2 b2 50. Kc2 Be5 0-1

[Event "FB1 2223 Rodewischer Schachmiezen - Sch"]
[Site "?"]
[Date "2023.02.18"]
[Round "5.5"]
[White "Koepke, Elena"]
[Black "Miturova, Magdalena"]
[Result "1-0"]
[WhiteElo "2246"]
[BlackElo "2136"]
[PlyCount "102"]
[EventDate "2023.??.??"]

1. e4 e5 2. Bc4 Nf6 3. d3 c6 4. Nf3 d5 5. Bb3 Bd6 6. Nc3 d4 7. Ne2 h6 8. Ng3 c5 9. O-O Nc6 10. Re1 g6 11. c3 Qe7 12. Bd2 Kf8 13. Bd5 dxc3 14. bxc3 Kg7 15. Bxc6 bxc6 16. Qa4 Bg4 17. Rab1 Rac8 18. Qd1 h5 19. h3 h4 20. Nf1 Be6 21. Bg5 Bxa2 22. Ra1 Be6 23. d4 Qc7 24. Bxf6+ Kxf6 25. dxe5+ Bxe5 26. Nxe5 Qxe5 27. Rxa7 Rcd8 28. Qf3+ Kg7 29. Ne3 c4 30. Ng4 Qg5 31. e5 Qf5 32. Qxf5 gxf5 33. Nh2 Rd3 34. Rc1 Bd5 35. Nf1 Rb8 36. Ne3 Rxe3 37. fxe3 Rb2 38. e6 Bxe6 39. Rf1 Re2 40. Raa1 Rxe3 41. Rac1 Kg6 42. Rf3 Re5 43. Kf2 Bd5 44. Re3 Be4 45. g3 Kh5 46. Rg1 Rd5 47. g4+ Kg5 48. gxf5+ Kxf5 49. Rg4 Bd3 50. Rxh4 Rb5 51. Rh5+ Kf6 1-0

[Event "FB1 2223 Rodewischer Schachmiezen - Sch"]
[Site "?"]
[Date "2023.02.18"]
[Round "5.6"]
[White "Kanakova, Natalie"]
[Black "Jelica, Mara"]
[Result "1-0"]
[WhiteElo "2109"]
[BlackElo "2102"]
[PlyCount "97"]
[EventDate "2023.??.??"]

1. Nf3 d5 2. e3 g6 3. c4 e6 4. Nc3 Bg7 5. d4 Nf6 6. Bd3 O-O 7. O-O dxc4 8. Bxc4 a6 9. a4 Nc6 10. e4 h6 11. e5 Nd5 12. h4 Nce7 13. h5 Nxc3 14. bxc3 gxh5 15. Ba3 Re8 16. Nd2 Ng6 17. Ne4 Bd7 18. Bc1 Bc6 19. Ng3 h4 20. Nh5 h3 21. g3 Nh4 22. f3 Nf5 23. Kh2 Kh8 24. Bb3 b5 25. axb5 Bxb5 26. Rg1 c5 27. Nxg7 Kxg7 28. g4 Nh4 29. c4 Qxd4 30. Kxh3 Kg8 31. Qxd4 cxd4 32. Kxh4 Bc6 33. Kg3 Rab8 34. Bc2 Red8 35. Bxh6 d3 36. Bd1 Kh7 37. Bg5 Rd4 38. c5 Bb5 39. Be3 Rb4 40. Rc1 Kg7 41. Rh1 Bc6 42. Rc3 Rd8 43. Bb3 d2 44. Rd1 Rxb3 45. Rxb3 Ba4 46. Rbb1 Bc2 47. Ra1 Bxd1 48. Rxd1 Rd3 49. Kf2 1-0

[Event "FB1 2223 TuRa Harksheide  - SV Hemer 19"]
[Site "?"]
[Date "2023.02.19"]
[Round "6.1"]
[White "Werle, Iozefina"]
[Black "Antolak, Julia"]
[Result "1/2-1/2"]
[WhiteElo "2312"]
[BlackElo "2273"]
[PlyCount "107"]
[EventDate "2023.??.??"]

1. e4 c5 2. Nf3 d6 3. b3 g6 4. Bb2 e5 5. Bc4 Bg7 6. O-O h6 7. c3 Ne7 8. d4 exd4 9. cxd4 O-O 10. Qc1 Bg4 11. Nbd2 Nd7 12. d5 Bxb2 13. Qxb2 Bxf3 14. Nxf3 g5 15. e5 Nxe5 16. Nxe5 dxe5 17. Qxe5 Ng6 18. Qe3 Qd6 19. Rad1 Rfe8 20. Qg3 Rad8 21. a4 Re5 22. f4 gxf4 23. Qh3 Kg7 24. Qc3 f6 25. Rd3 Rde8 26. Rdf3 Re3 27. Qd2 R8e5 28. R3f2 b6 29. Qd1 Rg5 30. Kh1 Ree5 31. a5 b5 32. Bxb5 Rxd5 33. Qf3 Rge5 34. Bc4 Rd2 35. Qa8 Ne7 36. Rxf4 Rd1 37. Rxf6 Qxf6 38. Rxd1 Qf2 39. Qf3 Re1+ 40. Rxe1 Qxe1+ 41. Qf1 Qxf1+ 42. Bxf1 a6 43. Bxa6 Nc6 44. Bc4 Nxa5 45. g4 h5 46. h3 Kf6 47. Kg2 Kg5 48. Kg3 hxg4 49. hxg4 Nc6 50. Bd5 Nd4 51. Bc4 Nc6 52. Bg8 Nd4 53. Bd5 Ne2+ 54. Kf3 1/2-1/2

[Event "FB1 2223 TuRa Harksheide  - SV Hemer 19"]
[Site "?"]
[Date "2023.02.19"]
[Round "6.2"]
[White "Unuk, Laura"]
[Black "Voicu-Jagodzinsky, Carmen"]
[Result "1-0"]
[WhiteElo "2296"]
[BlackElo "2303"]
[PlyCount "93"]
[EventDate "2023.??.??"]

1. d4 d5 2. c4 e6 3. Nc3 Nf6 4. cxd5 exd5 5. Bg5 Be7 6. e3 O-O 7. Bd3 h6 8. Bh4 c6 9. Qc2 Re8 10. Nge2 Nbd7 11. O-O Nh5 12. Bxe7 Qxe7 13. a3 Nb6 14. b4 a6 15. Rae1 Bd7 16. Nc1 a5 17. Nb3 axb4 18. axb4 Nc4 19. b5 Nd6 20. bxc6 bxc6 21. Nc5 Nf6 22. N3a4 Bg4 23. f3 Bc8 24. e4 dxe4 25. fxe4 Nb5 26. Qb2 Qd8 27. e5 Nd5 28. Bb1 Ra7 29. Qc2 g6 30. e6 f5 31. Qd2 Qg5 32. Qf2 Rae7 33. h4 Qg4 34. h5 Qxh5 35. Bd3 Qg4 36. Bxb5 cxb5 37. Nb2 f4 38. Nbd3 Ne3 39. Ne5 Qg5 40. Ne4 Qf5 41. Rxe3 fxe3 42. Qxe3 Qxf1+ 43. Kxf1 Rxe6 44. Qxh6 b4 45. Ng5 Rf6+ 46. Kg1 Re7 47. Nxg6 1-0

[Event "FB1 2223 TuRa Harksheide  - SV Hemer 19"]
[Site "?"]
[Date "2023.02.19"]
[Round "6.3"]
[White "Kucharska, Honorata"]
[Black "Urh, Zala"]
[Result "0-1"]
[WhiteElo "2173"]
[BlackElo "2288"]
[PlyCount "114"]
[EventDate "2023.??.??"]

1. c4 Nf6 2. Nc3 e6 3. e4 d5 4. e5 d4 5. exf6 dxc3 6. bxc3 Qxf6 7. Nf3 b6 8. d4 h6 9. Be2 Bd6 10. O-O O-O 11. Be3 Nd7 12. Rb1 Rd8 13. Qa4 e5 14. Rfd1 e4 15. Nd2 Qg6 16. Nf1 Nf8 17. c5 Bd7 18. c6 Bxc6 19. Qb3 Kh8 20. d5 Bd7 21. c4 f5 22. f4 exf3 23. Bxf3 f4 24. Bd4 Nh7 25. h4 Bf5 26. Rbc1 Nf6 27. Qc3 Ne4 28. Qb2 Nc5 29. h5 Qg5 30. Qc3 Re8 31. Re1 Nd3 32. Rxe8+ Rxe8 33. Rd1 Ne5 34. Nh2 Nxf3+ 35. Nxf3 Qg3 36. Bf2 Qg4 37. Re1 Qxh5 38. Bd4 Rxe1+ 39. Qxe1 Bg4 40. Qc3 Bxf3 41. gxf3 Qg6+ 42. Kf2 h5 43. Kf1 h4 44. Qd2 h3 45. Qe2 Bc5 46. Bxc5 bxc5 47. a4 Qg2+ 48. Qxg2 hxg2+ 49. Kxg2 g5 50. Kh3 Kg7 51. Kg4 Kg6 52. a5 a6 53. Kh3 Kh5 54. Kh2 g4 55. fxg4+ Kxg4 56. Kg2 Kf5 57. Kf3 Ke5 0-1

[Event "FB1 2223 TuRa Harksheide  - SV Hemer 19"]
[Site "?"]
[Date "2023.02.19"]
[Round "6.5"]
[White "Moeller, Lisa-Marie"]
[Black "Brandt, Carina"]
[Result "0-1"]
[WhiteElo "1905"]
[BlackElo "2056"]
[PlyCount "152"]
[EventDate "2023.??.??"]

1. e4 e6 2. d4 d5 3. Nd2 c5 4. exd5 exd5 5. Bb5+ Bd7 6. Qe2+ Be7 7. Bxd7+ Qxd7 8. Ngf3 Nf6 9. O-O O-O 10. dxc5 Nc6 11. Nb3 Rfe8 12. c3 a5 13. Qd3 a4 14. Nbd4 Ne4 15. Be3 Nxc5 16. Qc2 Ne4 17. Rad1 Bf6 18. Nxc6 Qxc6 19. a3 Rac8 20. Bd4 Qa6 21. Bxf6 Nxf6 22. Rfe1 b5 23. Qd3 Qb7 24. Nd4 Rxe1+ 25. Rxe1 Rb8 26. Qe2 g6 27. Kf1 Qc7 28. Qe5 Qc4+ 29. Re2 Rb6 30. Qe7 Kg7 31. Qb4 Qd3 32. f3 Nh5 33. Qe7 Rf6 34. Qe3 Qb1+ 35. Re1 Qxb2 36. Qc1 Qa2 37. Kg1 Nf4 38. Qc2 Qc4 39. Rb1 Rb6 40. Rb4 Qc5 41. Kf1 Ne6 42. Qd3 Nc7 43. Qe3 Kg8 44. Ke2 Rb8 45. Qd3 Re8+ 46. Kd2 Qe7 47. Kc2 Na6 48. Rxb5 Qxa3 49. Rb2 Re1 50. Qb5 Qa1 51. Rb1 Qxb1+ 52. Qxb1 Rxb1 53. Kxb1 Kf8 54. Kb2 Ke7 55. Ka3 Nc5 56. Kb4 Kd6 57. Nb5+ Kc6 58. Na7+ Kb6 59. Nc8+ Kc6 60. Ne7+ Kd6 61. Nc8+ Kc7 62. Ne7 Nd3+ 63. Kxa4 Kd6 64. Ng8 Ne1 65. Nf6 h5 66. g4 h4 67. f4 Nf3 68. Nh7 Nxh2 69. f5 Nxg4 70. Ng5 gxf5 71. Kb3 Ne5 72. Nh3 Nf3 73. Kc2 Ke5 74. Kd3 f6 75. Ke3 Ng5 76. Nf4 h3 0-1

[Event "FB1 2223 TuRa Harksheide  - SV Hemer 19"]
[Site "?"]
[Date "2023.02.19"]
[Round "6.6"]
[White "Koehler, Inken"]
[Black "Trunz, Michelle"]
[Result "1-0"]
[WhiteElo "2015"]
[BlackElo "1973"]
[PlyCount "91"]
[EventDate "2023.??.??"]

1. e4 c5 2. Nf3 d6 3. Bb5+ Bd7 4. Bxd7+ Qxd7 5. c4 e5 6. Nc3 g6 7. d3 Bg7 8. Nd5 Ne7 9. Bh6 O-O 10. Qd2 Nxd5 11. cxd5 Na6 12. h4 c4 13. Bxg7 Kxg7 14. dxc4 Qg4 15. Qe2 Nc5 16. Nd2 f5 17. Qxg4 fxg4 18. Ke2 Rf4 19. f3 gxf3+ 20. gxf3 h6 21. b3 Raf8 22. Rag1 Nd7 23. Rg3 Kh7 24. Rhg1 Rg8 25. Rg4 Rff8 26. Rc1 h5 27. Rg3 Rf4 28. Rh1 Kh6 29. Nf1 a6 30. Ne3 Rc8 31. Rhg1 Nf8 32. Rh3 Rc7 33. Nd1 Nh7 34. Nb2 g5 35. hxg5+ Nxg5 36. Rhg3 Rg7 37. Nd3 Rh4 38. Nf2 Rh2 39. Ke3 b6 40. a3 Rxf2 41. Kxf2 h4 42. Rh1 Kh5 43. Rg4 h3 44. Rxg5+ Rxg5 45. Rxh3+ Kg6 46. Rh1 1-0

[Event "FB1 2223 Hamburger SK - SG Solingen"]
[Site "?"]
[Date "2023.02.19"]
[Round "6.1"]
[White "Gaponenko, Inna"]
[Black "Roebers, Eline"]
[Result "1/2-1/2"]
[WhiteElo "2341"]
[BlackElo "2360"]
[PlyCount "74"]
[EventDate "2023.??.??"]

1. e4 c5 2. c3 d5 3. exd5 Nf6 4. Nf3 Nxd5 5. d4 cxd4 6. cxd4 Nc6 7. Nc3 e6 8. Bd3 Be7 9. O-O O-O 10. Re1 Nf6 11. a3 b6 12. Bg5 Bb7 13. Bc2 h6 14. Bf4 Bd6 15. Be5 Bc7 16. Bg3 Bxg3 17. hxg3 Ne7 18. Qd3 Qd6 19. Nb5 Qb8 20. Rad1 Rd8 21. Ne5 a6 22. Nc3 Nf5 23. Ne2 Qd6 24. g4 Be4 25. Qd2 Bxc2 26. Qxc2 Ne7 27. Rc1 Rac8 28. Qa4 b5 29. Qa5 Ned5 30. Rxc8 Rxc8 31. Rc1 Rxc1+ 32. Nxc1 Nxg4 33. Nxg4 Qf4 34. Nxh6+ gxh6 35. Ne2 Qe4 36. Qd2 a5 37. Nc3 Nxc3 1/2-1/2

[Event "FB1 2223 Hamburger SK - SG Solingen"]
[Site "?"]
[Date "2023.02.19"]
[Round "6.2"]
[White "Papp, Sarah"]
[Black "Van Foreest, Machteld"]
[Result "0-1"]
[WhiteElo "2293"]
[BlackElo "2330"]
[PlyCount "158"]
[EventDate "2023.??.??"]

1. d4 Nf6 2. g3 d5 3. Nf3 Bf5 4. Bg2 h6 5. c4 c6 6. cxd5 cxd5 7. Qb3 Qb6 8. Qxb6 axb6 9. Nc3 e6 10. Bf4 Bb4 11. O-O Bxc3 12. bxc3 Ke7 13. c4 Nc6 14. cxd5 Nxd5 15. Bd2 Be4 16. e3 Ra4 17. Ne1 Bxg2 18. Kxg2 Rha8 19. f3 Rxa2 20. Rxa2 Rxa2 21. Rf2 Kd7 22. e4 Nc7 23. Be3 Ra3 24. Nc2 Rc3 25. Rd2 Na5 26. Kf2 Nc4 27. Re2 Nxe3 28. Nxe3 Rd3 29. Nc2 Rc3 30. Ne3 b5 31. Rb2 Rd3 32. Rb4 Rd2+ 33. Kg1 Kc6 34. h4 Na6 35. d5+ exd5 36. exd5+ Kc5 37. Rf4 Re2 38. Re4 b4 39. Kf1 Rd2 40. Ke1 Rd4 41. Rxd4 Kxd4 42. Kd2 Nc5 43. d6 Ke5 44. h5 Ke6 45. Kc2 g6 46. Ng4 gxh5 47. Nxh6 b6 48. Ng8 f5 49. Nh6 f4 50. gxf4 h4 51. f5+ Kxd6 52. Ng4 h3 53. Kb2 b3 54. Kc3 b5 55. Kb2 b4 56. f4 Ke7 57. f6+ Ke6 58. f5+ Kf7 59. Kc1 Nd3+ 60. Kd2 Nb2 61. Kc1 Nc4 62. Kb1 Ne3 63. Nh2 Nxf5 64. Kb2 Nd4 65. Ng4 Kg6 66. Kb1 Ne6 67. Kb2 Nc5 68. Kb1 Nd3 69. Ka1 b2+ 70. Ka2 b3+ 71. Kb1 Kf7 72. Ne3 Kxf6 73. Nf1 Ke5 74. Ne3 Nc5 75. Kxb2 Kf4 76. Nf1 Kf3 77. Nh2+ Kg2 78. Ng4 h2 79. Nxh2 Kxh2 0-1

[Event "FB1 2223 Hamburger SK - SG Solingen"]
[Site "?"]
[Date "2023.02.19"]
[Round "6.3"]
[White "Muetsch, Annmarie"]
[Black "Genova, Lyubka"]
[Result "1/2-1/2"]
[WhiteElo "2264"]
[BlackElo "2222"]
[PlyCount "99"]
[EventDate "2023.??.??"]

1. d4 Nf6 2. Bg5 e6 3. e4 h6 4. Bxf6 Qxf6 5. c3 d6 6. Bc4 c6 7. Bb3 g6 8. Ne2 Bg7 9. O-O O-O 10. f4 Qe7 11. e5 dxe5 12. fxe5 c5 13. Nd2 b6 14. Ne4 Ba6 15. Bc2 cxd4 16. cxd4 Nc6 17. Bd3 Bxd3 18. Qxd3 Qb4 19. Rad1 Qxb2 20. Nf6+ Kh8 21. Rf3 Ne7 22. Rh3 Nf5 23. Qe4 Rac8 24. g4 Qc2 25. Rdd3 Ne7 26. Qe3 Qb1+ 27. Kf2 Ng8 28. Nc3 Qa1 29. Rd2 b5 30. Nce4 Rc1 31. Kg2 Rh1 32. Qf2 Qe1 33. g5 Bxf6 34. Nxf6 Rg1+ 35. Qxg1 Qxd2+ 36. Qf2 Qxf2+ 37. Kxf2 Rc8 38. Ne4 Rc2+ 39. Kg1 Kg7 40. Ra3 Rc7 41. Nd6 b4 42. Ra4 Rc1+ 43. Kg2 Rc2+ 44. Kg1 hxg5 45. Rxa7 Nh6 46. Ne8+ Kf8 47. Ra8 Rd2 48. Nf6+ Kg7 49. Ne8+ Kf8 50. Nf6+ 1/2-1/2

[Event "FB1 2223 Hamburger SK - SG Solingen"]
[Site "?"]
[Date "2023.02.19"]
[Round "6.5"]
[White "Bashylina, Luisa"]
[Black "Wulf, Constanze"]
[Result "1-0"]
[WhiteElo "2131"]
[BlackElo "1839"]
[PlyCount "61"]
[EventDate "2023.??.??"]

1. d4 d5 2. c4 e6 3. Nc3 c6 4. cxd5 exd5 5. Qc2 Bd6 6. Nf3 Bg4 7. Bg5 Qa5 8. e3 Nd7 9. Bd3 Ngf6 10. Nd2 O-O 11. O-O Qc7 12. h3 Bh5 13. f4 b5 14. g4 b4 15. Ne2 Bxg4 16. hxg4 Nxg4 17. Rf3 Rfe8 18. Nf1 h6 19. Bh4 Ndf6 20. Bxf6 Nxf6 21. Neg3 c5 22. Nf5 cxd4 23. Qg2 g6 24. Nxh6+ Kf8 25. f5 dxe3 26. fxg6 Re6 27. g7+ Ke7 28. g8=Q Rxg8 29. Nxg8+ Nxg8 30. Qxg8 Rf6 31. Rxe3+ 1-0

[Event "FB1 2223 Hamburger SK - SG Solingen"]
[Site "?"]
[Date "2023.02.19"]
[Round "6.6"]
[White "Wartenberg, Alissa"]
[Black "Muedder, Melanie"]
[Result "1-0"]
[WhiteElo "1835"]
[BlackElo "1870"]
[PlyCount "141"]
[EventDate "2023.??.??"]

1. e4 c5 2. Nf3 Nc6 3. d4 cxd4 4. Nxd4 Nf6 5. Nc3 e5 6. Ndb5 d6 7. Bg5 a6 8. Na3 Be6 9. Nc4 Rb8 10. Qd2 Nd4 11. Ne3 Be7 12. Bxf6 Bxf6 13. Ncd5 Bg5 14. c3 Bxd5 15. exd5 Nf5 16. O-O-O b5 17. Kb1 Nxe3 18. fxe3 Qb6 19. Re1 Qc5 20. Qd3 O-O 21. e4 b4 22. c4 b3 23. a3 Bd8 24. Be2 a5 25. h4 a4 26. g4 Bb6 27. g5 Qd4 28. h5 Qe3 29. Rh3 Qxg5 30. Rg3 Qh4 31. Rf1 Rbc8 32. Qf3 f5 33. Qg2 Qe7 34. exf5 Rf6 35. Bd3 Bd4 36. Rh1 e4 37. Bxe4 Rxc4 38. Bd3 Rc8 39. h6 Rxh6 40. Rgh3 Rxh3 41. Qxh3 Re8 42. Qxh7+ Kf8 43. Qh8+ Kf7 44. Qh5+ Kf8 45. Qd1 Qf6 46. Rh8+ Ke7 47. Qe2+ Be5 48. Rxe8+ Kxe8 49. Qe4 Kf8 50. Qxa4 Bxb2 51. Qxb3 Qc3 52. Qxc3 Bxc3 53. Kc2 Bd4 54. Ba6 Ke7 55. Kd3 Bc5 56. a4 Kf6 57. Bc8 g6 58. fxg6 Kxg6 59. Kc4 Kf6 60. Kb5 Ke7 61. Kc6 Kd8 62. Be6 Bb4 63. Bg4 Ke7 64. Kb5 Be1 65. a5 Kd8 66. Kb6 Bf2+ 67. Kb7 Ke7 68. a6 Kf6 69. a7 Bxa7 70. Kxa7 Ke5 71. Be6 1-0

[Event "FB1 2223 FC Bayern München - SC 1957 B"]
[Site "?"]
[Date "2023.02.19"]
[Round "6.1"]
[White "Schneider, Jana"]
[Black "Ricken, Katharina"]
[Result "1-0"]
[WhiteElo "2273"]
[BlackElo "2210"]
[PlyCount "87"]
[EventDate "2023.??.??"]

1. e4 c5 2. Nf3 Nc6 3. d4 cxd4 4. Nxd4 g6 5. c4 Nf6 6. Nc3 d6 7. Be2 Nxd4 8. Qxd4 Bg7 9. Be3 O-O 10. Qd2 a5 11. f3 a4 12. Rc1 Qa5 13. O-O Be6 14. Nd5 Nxd5 15. Qxa5 Nxe3 16. Qb6 Nxf1 17. Kxf1 Bf6 18. f4 Rfc8 19. h3 h5 20. Bd3 Bd7 21. Re1 Bc6 22. Qf2 e5 23. f5 Kg7 24. Kg1 g5 25. Qf3 h4 26. Rd1 Be8 27. Be2 Rc6 28. Qa3 Bd8 29. Kh2 Bb6 30. Bh5 Bf2 31. f6+ Kh6 32. Be2 Bg3+ 33. Kh1 Rd8 34. Qf3 Kg6 35. Qf5+ Kh6 36. Qf3 Kg6 37. Qf5+ Kh6 38. Qg4 Kg6 39. Rf1 Bf4 40. g3 hxg3 41. Rxf4 exf4 42. Qf5+ Kh6 43. h4 g2+ 44. Kg1 1-0

[Event "FB1 2223 FC Bayern München - SC 1957 B"]
[Site "?"]
[Date "2023.02.19"]
[Round "6.2"]
[White "Schloffer, Jasmin-Denise"]
[Black "Osmak, Yuliia"]
[Result "0-1"]
[WhiteElo "2073"]
[BlackElo "2449"]
[PlyCount "124"]
[EventDate "2023.??.??"]

1. d4 Nf6 2. c4 e6 3. Nc3 Bb4 4. e3 O-O 5. Nge2 d5 6. a3 Bd6 7. c5 Be7 8. b4 c6 9. Nf4 b6 10. Be2 a5 11. Bd2 Ba6 12. Bxa6 Nxa6 13. Nd3 Nd7 14. f4 f6 15. O-O Nc7 16. Qg4 Qc8 17. Rab1 Qa6 18. Nf2 Rfd8 19. Rfc1 e5 20. fxe5 fxe5 21. b5 cxb5 22. Nxd5 Nxd5 23. Qe6+ Kh8 24. Qxd5 bxc5 25. dxc5 Bxc5 26. Ne4 Nf6 27. Qxe5 Nxe4 28. Qxe4 Bxa3 29. Rc2 Bf8 30. Bc3 b4 31. Bd4 Qg6 32. Qxg6 hxg6 33. Ra2 a4 34. Rba1 b3 35. Rxa4 Rxa4 36. Rxa4 b2 37. Bxb2 Rd1+ 38. Kf2 Rd2+ 39. Kf3 Rxb2 40. Rg4 Kh7 41. Rh4+ Kg8 42. Rg4 Rb6 43. h3 Be7 44. e4 Kf7 45. Ke3 Rb3+ 46. Kd4 Bf6+ 47. Kc4 Rc3+ 48. Kd5 Rd3+ 49. Kc4 Rd2 50. Kb5 Rc2 51. Kb4 Be5 52. Rg5 Kf6 53. h4 Rc1 54. Rg4 Rc3 55. Kb5 Rg3 56. Rxg3 Bxg3 57. Kc4 Ke5 58. Kd3 Bxh4 59. Ke3 Bg5+ 60. Kf3 Bc1 61. g3 Bh6 62. g4 Bf4 0-1

[Event "FB1 2223 FC Bayern München - SC 1957 B"]
[Site "?"]
[Date "2023.02.19"]
[Round "6.3"]
[White "Kiolbasa, Oliwia"]
[Black "Butenandt, Svenja"]
[Result "1-0"]
[WhiteElo "2410"]
[BlackElo "2071"]
[PlyCount "79"]
[EventDate "2023.??.??"]

1. e4 c6 2. d4 d5 3. e5 Bf5 4. Nf3 e6 5. Be2 Ne7 6. O-O Ng6 7. a4 Nd7 8. a5 f6 9. Ne1 fxe5 10. g4 Be4 11. f3 exd4 12. fxe4 dxe4 13. Ng2 Nde5 14. Kh1 Qd5 15. b3 O-O-O 16. Bb2 Be7 17. Na3 Rhf8 18. Rxf8 Bxf8 19. Bc4 Qd6 20. Qe2 Nf3 21. Ne1 Ngh4 22. Nxf3 Nxf3 23. Rf1 Be7 24. Bxe6+ Qxe6 25. Rxf3 Qxg4 26. Rf2 Qh4 27. Nc4 Bc5 28. Rf1 e3 29. Ba3 Bxa3 30. Nxa3 Qe7 31. Nc4 Qe4+ 32. Qg2 e2 33. Re1 Qxc2 34. Qxe2 Qxb3 35. a6 bxa6 36. Qe6+ Kb8 37. Qxc6 Qb5 38. Ne5 Qd5+ 39. Kg1 Qxc6 40. Nxc6+ 1-0

[Event "FB1 2223 FC Bayern München - SC 1957 B"]
[Site "?"]
[Date "2023.02.19"]
[Round "6.4"]
[White "Dirmeier, Carolin"]
[Black "Maltsevskaya, Aleksandra"]
[Result "0-1"]
[WhiteElo "1945"]
[BlackElo "2392"]
[PlyCount "34"]
[EventDate "2023.??.??"]

1. e4 c5 2. Nf3 e6 3. d4 cxd4 4. Nxd4 Nc6 5. Nc3 Nf6 6. g4 Bb4 7. Nxc6 bxc6 8. f3 d5 9. a3 Ba5 10. b4 Bc7 11. g5 Nh5 12. Ne2 O-O 13. Bh3 f5 14. exf5 exf5 15. f4 Ba6 16. O-O Bb6+ 17. Kh1 Qe8 0-1

[Event "FB1 2223 FC Bayern München - SC 1957 B"]
[Site "?"]
[Date "2023.02.19"]
[Round "6.5"]
[White "Melamed, Tatjana"]
[Black "Ankerst, Milka"]
[Result "1-0"]
[WhiteElo "2330"]
[BlackElo "1923"]
[PlyCount "73"]
[EventDate "2023.??.??"]

1. e4 c5 2. c3 d5 3. exd5 Qxd5 4. d4 Nf6 5. Nf3 e6 6. Na3 cxd4 7. Nb5 Qd8 8. Nbxd4 Be7 9. Bd3 O-O 10. O-O Nc6 11. Nxc6 bxc6 12. Qe2 Qc7 13. Bg5 Bb7 14. Rfe1 Rad8 15. Rad1 c5 16. Ne5 g6 17. h4 Nh5 18. Bh6 Ng7 19. h5 Bf6 20. hxg6 hxg6 21. Bf4 Bxe5 22. Bxe5 Qc6 23. Qg4 Rd7 24. Be4 Rxd1 25. Qxd1 Qb6 26. Bxb7 Qxb7 27. Qg4 Qd5 28. Qg5 f6 29. Bxf6 Qxg5 30. Bxg5 Kf7 31. Rd1 Rb8 32. Rd7+ Kg8 33. b3 a6 34. Bf6 Nf5 35. g4 Nh6 36. f3 Nf7 37. Rc7 1-0

[Event "FB1 2223 FC Bayern München - SC 1957 B"]
[Site "?"]
[Date "2023.02.19"]
[Round "6.6"]
[White "Spiel, Marianne"]
[Black "Babiy, Olga"]
[Result "0-1"]
[WhiteElo "1843"]
[BlackElo "2316"]
[PlyCount "64"]
[EventDate "2023.??.??"]

1. e4 c5 2. Nf3 d6 3. d4 cxd4 4. Nxd4 Nf6 5. Nc3 a6 6. Be3 e5 7. Nb3 Be7 8. f3 Be6 9. Qd2 h5 10. O-O-O Nbd7 11. Kb1 O-O 12. Be2 Rc8 13. h3 b5 14. g4 h4 15. Bd3 b4 16. Ne2 a5 17. f4 a4 18. Nbc1 exf4 19. Nxf4 Nc5 20. Nxe6 fxe6 21. Qxb4 Rb8 22. Qc4 Nfd7 23. Bxc5 Nxc5 24. Ne2 Qb6 25. b3 Rfc8 26. Nd4 d5 27. Qb5 Qc7 28. Nxe6 Qe5 29. Qa5 Bf6 30. c3 Nxb3 31. axb3 Rxc3 32. Nd4 Rbxb3+ 0-1

[Event "FB1 2223 SK Schwäbisch Hall - SV Mediz"]
[Site "?"]
[Date "2023.02.19"]
[Round "6.1"]
[White "Nguyen, Ha Thanh"]
[Black "Javakhishvili, Lela"]
[Result "0-1"]
[WhiteElo "1979"]
[BlackElo "2440"]
[PlyCount "70"]
[EventDate "2023.??.??"]

1. e4 c5 2. Nf3 a6 3. b3 d6 4. Bb2 e5 5. Be2 Nf6 6. d3 Nc6 7. O-O g6 8. Nfd2 Bh6 9. Nc4 O-O 10. Ne3 Nd4 11. Nd2 b5 12. c3 Nxe2+ 13. Qxe2 Be6 14. d4 Nh5 15. Nf3 Nf4 16. Qd1 Bg7 17. dxc5 dxc5 18. c4 Nd3 19. Bc3 f5 20. cxb5 axb5 21. Ne1 fxe4 22. Qe2 Ra7 23. Rd1 Rd7 24. N1c2 Qg5 25. g3 Bh3 26. Ba1 Rdf7 27. Rd2 Bxf1 28. Qxf1 Rxf2 29. Rxf2 Rxf2 30. Qh3 Rf8 31. Qe6+ Kh8 32. Bc3 Nc1 33. Bd2 Ne2+ 34. Kh1 Qh5 35. g4 Qh3 0-1

[Event "FB1 2223 SK Schwäbisch Hall - SV Mediz"]
[Site "?"]
[Date "2023.02.19"]
[Round "6.2"]
[White "Batsiashvili, Nino"]
[Black "Reuter, Elisa"]
[Result "1-0"]
[WhiteElo "2493"]
[BlackElo "1905"]
[PlyCount "71"]
[EventDate "2023.??.??"]

1. d4 Nf6 2. c4 g6 3. Nc3 d5 4. cxd5 Nxd5 5. e4 Nxc3 6. bxc3 Bg7 7. Nf3 c5 8. h3 O-O 9. Be2 Qa5 10. Bd2 Qa3 11. O-O b6 12. Rb1 Ba6 13. c4 Bc8 14. d5 Qxa2 15. e5 Qa6 16. Bd3 Qb7 17. Qe2 e6 18. Be4 exd5 19. cxd5 Bf5 20. Bxf5 gxf5 21. Qd3 Qd7 22. Bg5 Nc6 23. Bf6 Ne7 24. Bxe7 Qxe7 25. Qxf5 h6 26. Rfe1 Rad8 27. Rbd1 Qd7 28. Qh5 Rfe8 29. Re4 Qe7 30. Rg4 Kh8 31. d6 Qd7 32. Ng5 Kg8 33. Ne4 Kh8 34. Nf6 Qe6 35. f4 Rf8 36. Rd3 1-0